Inteligentná zásuvka s ovládaním cez rozhranie Bluetooth

Na minha lista:
Detalhes bibliográficos
Autor principal: Březovják, Roman (Author)
Outros Autores: Kubinec, Peter (Thesis advisor)
Formato: Manuscrito Livro
Idioma:eslovaco
Publicado em: 2019
Assuntos:
Acesso em linha:http://is.stuba.sk/zp/portal_zp.pl?podrobnosti=137856
Tags: Adicionar Tag
Sem tags, seja o primeiro a adicionar uma tag!

MARC

LEADER 00000ntm a22000003a 4500
001 stuzp72100
003 SK-STU
005 20190717125002.1
007 ta
008 150427s2015----xo-----f-mn---000-0-slo-d
040 |a STU  |b slo 
041 0 |a slo 
044 |a xo 
100 1 |a Březovják, Roman  |u 033000  |4 aut  |U FEI Fakulta elektrotechniky a informatiky  |T FEI Ústav elektroniky a fotoniky  |X 87875  |U E030  |Y 549  |7 87875 
242 0 1 |a An intelligent socket controlled via Bluetooth  |y eng 
245 1 0 |a Inteligentná zásuvka s ovládaním cez rozhranie Bluetooth 
260 |c 2019 
300 |a 66 s., príl.,  |b CD-ROM 
650 4 |a inteligentná domácnosť  |2 slo 
650 4 |a inteligentná zásuvka  |2 slo 
650 4 |a meranie výkonu  |2 slo 
650 4 |a spotreba energie  |2 slo 
650 4 |a Bluetooth  |2 slo 
650 4 |a intelligent household  |2 eng 
650 4 |a intelligent socket  |2 eng 
650 4 |a power measurement  |2 eng 
650 4 |a power consumption  |2 eng 
650 4 |a Bluetooth  |2 eng 
700 1 |a Kubinec, Peter  |u 033000  |k Z1  |4 ths  |U FEI Fakulta elektrotechniky a informatiky  |T FEI Ústav elektroniky a fotoniky  |X 2052  |U E030  |Y 549  |7 A000002052 
856 4 |u http://is.stuba.sk/zp/portal_zp.pl?podrobnosti=137856 
996 |b 284ER02838  |c E*Bc- 2838  |l EE33  |s P  |a 0  |w stuzp72100_0001